| 000 | 02020nam a2200493 i 4500 | ||
|---|---|---|---|
| 001 | EBC3332637 | ||
| 003 | MiAaPQ | ||
| 005 | 20250623124011.0 | ||
| 006 | m o d | | ||
| 007 | cr cnu|||||||| | ||
| 008 | 131109s2013 qucaf ob 001 0 eng d | ||
| 020 | _z9780773541795 | ||
| 020 | _z9780773541801 | ||
| 020 |
_a9780773589339 _q(electronic bk.) |
||
| 020 |
_a9780773589346 _q(electronic bk.) |
||
| 035 | _a(MiAaPQ)EBC3332637 | ||
| 035 | _a(Au-PeEL)EBL3332637 | ||
| 035 | _a(CaPaEBR)ebr10787150 | ||
| 035 | _a(OCoLC)865475171 | ||
| 040 |
_aMiAaPQ _beng _erda _epn _cMiAaPQ _dMiAaPQ |
||
| 050 | 4 |
_aGB671 _b.T456 2013 |
|
| 082 | 0 |
_a553.7 _223 |
|
| 245 | 0 | 0 |
_aThinking with water / _cedited by Cecilia Chen, Janine MacLeod, Astrida Neimanis ; contributor Elab Gisle Trudel [and twenty-two others]. |
| 264 | 1 |
_aMontreal, Quebec : _bMcGill-Queen's University Press, _c2013. |
|
| 264 | 4 | _c2013 | |
| 300 |
_a1 online resource (xiv, 366 pages, [20.4] pages of plates) : _billustrations |
||
| 336 |
_atext _2rdacontent |
||
| 337 |
_acomputer _2rdamedia |
||
| 338 |
_aonline resource _2rdacarrier |
||
| 504 | _aIncludes bibliographical references and index. | ||
| 588 | _aDescription based on online resource; title from PDF title page (ebrary, viewed November 9, 2013). | ||
| 590 | _aElectronic reproduction. Ann Arbor, MI : ProQuest, 2015. Available via World Wide Web. Access may be limited to ProQuest affiliated libraries. | ||
| 650 | 0 | _aWater. | |
| 650 | 0 |
_aWater _xSocial aspects. |
|
| 650 | 0 |
_aWater _xEnvironmental aspects. |
|
| 655 | 4 |
_aElectronic books. _92203 |
|
| 700 | 1 |
_aChen, Cecilia. _96638 |
|
| 700 | 1 |
_aMacLeod, Janine. _91062 |
|
| 700 | 1 | _aNeimanis, Astrida. | |
| 700 | 1 |
_aTrudel, Elab Gisle. _920105 |
|
| 776 | 0 | 8 |
_iPrint version: _tThinking with water. _dMontreal, Quebec : McGill-Queen's University Press, c2013 _hxiv, 351 pages _z9780773541795 |
| 797 | 2 | _aProQuest (Firm) | |
| 856 | 4 | 0 |
_uhttps://ebookcentral.proquest.com/lib/artjam/detail.action?docID=3332637 _zClick to View |
| 999 |
_c9804 _d9804 |
||